[Event "Werden op"]
[Site "Essen"]
[Date "2005.05.20"]
[Round "1"]
[White "Von Noorden, Harko"]
[Black "Schoenen, Detlef"]
[Result "0-1"]
[WhiteElo "1434"]
[BlackElo "1860"]
[PlyCount "34"]
[EventDate "2005.05.20"]
[EventType "swiss"]
[EventRounds "7"]
[EventCountry "GER"]
[SourceTitle "EXT 2007"]
[Source "ChessBase"]
[SourceDate "2006.11.23"]
[SourceVersion "1"]
[SourceVersionDate "2006.11.23"]
[SourceQuality "1"]

1. d4 d5 2. c4 Nc6 3. Nc3 Nf6 4. Nf3 Bf5 5. e3 e6 6. Be2 dxc4 7. a3 Nd5 8. Bxc4 Nxc3 9. bxc3 Bd6 10. 0-0 0-0 11. Re1 e5 12. e4 Bg4 13. h3 Bxf3 14. Qxf3 exd4 15. Bb2 Ne5 16. Qe2 d3 17. Bxd3 Nxd3 0-1